Catholic University of Zimbabwe Library
Online Public Access Catalogue
(OPAC)

The post 1980 Chimurengas explained / (Record no. 6261)

MARC details
000 -LEADER
fixed length control field 01106cam a2200313 i 4500
001 - CONTROL NUMBER
control field 18773243
003 - CONTROL NUMBER IDENTIFIER
control field OSt
005 - DATE AND TIME OF LATEST TRANSACTION
control field 20190910094202.0
008 - FIXED-LENGTH DATA ELEMENTS--GENERAL INFORMATION
fixed length control field 150905s2015 rh b 000 0 eng
010 ## - LIBRARY OF CONGRESS CONTROL NUMBER
LC control number 2014322772
020 ## - INTERNATIONAL STANDARD BOOK NUMBER
International Standard Book Number 9780797495401
040 ## - CATALOGING SOURCE
Original cataloging agency DLC
Language of cataloging eng
Transcribing agency DLC
Description conventions rda
Modifying agency DLC
042 ## - AUTHENTICATION CODE
Authentication code lcode
-- pcc
043 ## - GEOGRAPHIC AREA CODE
Geographic area code f-rh---
050 00 - LIBRARY OF CONGRESS CALL NUMBER
Classification number DT2996
Item number .P67 2015
245 04 - TITLE STATEMENT
Title The post 1980 Chimurengas explained /
Statement of responsibility, etc. edited by Richard Runyararo Mahomva and Simbarashe Moyo.
264 #1 - PRODUCTION, PUBLICATION, DISTRIBUTION, MANUFACTURE, AND COPYRIGHT NOTICE
Name of producer, publisher, distributor, manufacturer LAN Readers,
300 ## - PHYSICAL DESCRIPTION
Extent 223 pages ;
Dimensions 20 cm
504 ## - BIBLIOGRAPHY, ETC. NOTE
Bibliography, etc. note Includes bibliographical references.
651 #0 - SUBJECT ADDED ENTRY--GEOGRAPHIC NAME
Geographic name Zimbabwe
General subdivision Politics and government
Chronological subdivision 1980-
700 1# - ADDED ENTRY--PERSONAL NAME
Personal name Mahomva, Richard Runyararo,
Relator term editor.
700 1# - ADDED ENTRY--PERSONAL NAME
Personal name Moyo, Simbarashe,
Relator term editor.
856 41 - ELECTRONIC LOCATION AND ACCESS
Materials specified Table of contents only
Uniform Resource Identifier <a href="https://www.loc.gov/catdir/toc/fy17pdf01/2014322772.html">https://www.loc.gov/catdir/toc/fy17pdf01/2014322772.html</a>
906 ## - LOCAL DATA ELEMENT F, LDF (RLIN)
a 7
b cbc
c origode
d 3
e ncip
f 20
g y-gencatlg
942 ## - ADDED ENTRY ELEMENTS (KOHA)
Source of classification or shelving scheme
Koha item type OS Book
Classification part DT2996.P67
Holdings
Withdrawn status Lost status Source of classification or shelving scheme Damaged status Not for loan Home library Current library Shelving location Date acquired Source of acquisition Cost, normal purchase price Inventory number Total Checkouts Full call number Barcode Date last seen Copy number Cost, replacement price Price effective from Koha item type
          CUZ Harare Campus CUZ Harare Campus Open Shelf 10.09.2019 Purchased 210.00 CU13839   DT2996.P67 bk008474 22.05.2025 1 210.00 10.09.2019 OS Book
          CUZ Harare Campus CUZ Harare Campus Open Shelf 10.09.2019 Purchased 210.00 CU13841   DT2996.P67 bk008480 22.05.2025 3 210.00 10.09.2019 OS Book
          CUZ Harare Campus CUZ Harare Campus Open Shelf 10.09.2019 Purchased 210.00 CU13840   DT2996.P67 bk008486 22.05.2025 2 210.00 10.09.2019 OS Book

OPENING HOURS

Weekdays: 0815hrs - 1800hrs
Weekends:0900hrs - 1200hrs

Closed for Mass:

Mon, Thur: 1200hrs - 1300hrs
Sunday & Public Holiday’s

CALL SUPPORT

0242-570570, 0242-570169
09200664, +263 8644140602

LOCATION

18443, Cranborne Avenue, Hatfield, Harare

Other Links


©2021 | CUZ Library